000 01461cam a2200169 4500500
005 20260405051007.0
041 _afre
042 _adc
100 1 0 _aPedinielli, Jean-Louis
_eauthor
700 1 0 _aFerran, Anne
_eauthor
700 1 0 _aGrimaldi, Marie-Ange
_eauthor
700 1 0 _aSalomone, Carmen
_eauthor
245 0 0 _aLes troubles des conduites alimentaires : Anorexie, boulimie, obésité
260 _bArmand Colin,
_c2012.
520 _aLes troubles des conduites alimentaires représentent un véritable problème de société ainsi qu’une interrogation psychopathologique et clinique. Anorexie, boulimie et obésité qui en sont les manifestations les plus graves sont des formes de souffrance distinctes, mais dont les mécanismes peuvent se combiner et, aussi, se disjoindre. L’ouvrage a pour but de décrire ces troubles, de les illustrer au moyen de cas cliniques et de fournir les interprétations de leurs étiologies et processus, en fonction de différents courants théoriques. Ces pathologies comportent des enjeux identitaires et sanitaires importants puisqu’elles sont articulées au social, aux modèles de la beauté, à la féminité, à l’adolescence et au rôle de l’alimentation dans notre culture postmoderne. Les formes de prise en charge sont évoquées en relation avec ces enjeux.
856 4 1 _uhttps://shs.cairn.info/les-troubles-des-conduites-alimentaires--9782200255060?lang=fr&redirect-ssocas=7080
999 _c2174544
_d2174544